00485 2200193 4500001002100000005001500021035002000036008004100056245006300097100001800160250000600178260003600184300001100220084001400231082000800245650001400253990001200267990001200279INLIS00000000000032920240503082527 a0010-0424000305240503 0 ind 1 aMengenal Organisasi Pelestarian Lingkungan /cEni Anjayani aAnjayani, Eni a1 aJakarta :bCempaka Putih,c2015 a68 hlm a300 ENI m a300 4aNon Fiksi a0728740 a0728741